000 00903nam a2200241 i 4500
001 134164
003 ES-MaACL
005 20250814015823.0
007 t|
008 070906s1944 sp ||||1| spa d
080 _a58
100 1 _aWettstein, Richard.
_9116591
245 1 0 _aTratado de botánica sistemática /
_cpor el Dr. Richard Wettstein, con la colaboración de los profesores Dr. M. Hirmer y Dr. K. Süssenguth ; terminado y publicado por el Dr. Fritz Wettstein... ; traducción de la cuarta edición alemana por el Dr. P. Font Quer.
260 _aBarcelona :
_bLabor,
_c1944.
300 _aXIX, 1039 p. :
_bil. ;
_c25 cm.
650 7 _aBotánica
_2embne
_910610
700 1 _aHirmer, M.
_963804
700 1 _aSüssenguth, K.
_9108862
700 1 _aWettstein, Fritz.
_9116590
700 1 _aFont Quer, P. (
_d1888-1964)
_951574
852 4 _aES-MaACL
_jF-15876
999 _c134164
_d134164